Statistics for Röyksopp Discography

Click here to take the quiz!

General Stats

  • This quiz has been taken 5 times
  • The average score is 6 of 9

Answer Stats

TypeYearName% Correct
Album2009Junior
100%
Album2001Melody A.M.
100%
Album2010Senior
100%
Album2014The Inevitable End
80%
Album2005The Understanding
80%
Collaborative EP2014Do It Again
40%
EP2006Röyksopp's Night Out
40%
Mix Album2007Back to Mine: Röyksopp
20%
Mix Album2013Late Night Tales: Röyksopp
20%

Score Distribution

Percentile by Number Answered

Percent of People with Each Score

Your Score History

You have not taken this quiz